Dvojitá synergia probiotík a beta-glukánov

Bibliographic Details
Main Author: Végh, Vladimír (Author)
Format: Article
Language:Slovak

MARC

LEADER 00000nab a2200000 a 4500
001 vtls011127736
003 SK-MaSNL
005 20260304030203.0
008 250310|2013 xo |||||||||||||||||slo|
015 |a SNBRB 
035 |a (uuid)37108612-a361-44a9-8f7f-0462b2246948 
035 |a (urnnbn)urn:nbn:sk:snk:ar-a09gzc 
035 |a urn:nbn:sk:snk-aba5dv 
040 |a SNKBUCL  |b slo  |c SNKBUCL  |e AACR2 
041 0 |a slo 
044 |a xo  |c SK 
100 1 |a Végh, Vladimír  |4 aut  |9 178049 
245 1 0 |a Dvojitá synergia probiotík a beta-glukánov  |c Vladimír Végh 
773 0 |t Farminews : časopis pre lekárnikov a farmaceutické laborantky  |g Roč. 5, č. 1 (2013), s. 26-[27] 
958 |a OND 
958 |a EUIPO 
958 |a article13 
999 |c 2632318  |d 2634248